European Flags as Euros Logos - Statistics

General Stats
  • This quiz has been taken 43 times
  • The average score is 40 of 55
Answer Stats
Picture Answer % Correct
Italy
100%
Spain
100%
Belgium
97%
Germany
97%
France
95%
Andorra
89%
Austria
89%
Croatia
89%
Estonia
89%
Georgia
89%
Belarus
86%
Sweden
86%
Armenia
84%
Azerbaijan
84%
Hungary
84%
Ireland
84%
Bulgaria
81%
Greece
78%
Lithuania
78%
Netherlands
78%
England
76%
Finland
76%
Latvia
76%
Luxembourg
76%
Moldova
76%
Slovakia
76%
Slovenia
76%
Turkey
76%
Ukraine
76%
Gibraltar
73%
Romania
73%
Switzerland
73%
Cyprus
70%
Albania
68%
Bosnia and Herzegovina
68%
Malta
68%
Northern Ireland
68%
Portugal
68%
Denmark
65%
Iceland
65%
Poland
65%
Liechtenstein
62%
Russia
62%
Serbia
62%
San Marino
59%
Kosovo
57%
Montenegro
54%
Norway
54%
Czechia
51%
Faroe Islands
51%
North Macedonia
51%
Scotland
49%
Kazakhstan
46%
Wales
46%
Israel
43%
No matching quizzes found
Score Distribution
Percent of People with Each Score
Percentile by Number Answered
Your Score History
You have not taken this quiz